Statistics for Yangtze River Delta Cities Map Quiz 长江三角洲城市群

Click here to take the quiz!

General Stats

  • This quiz has been taken 443 times
  • The average score is 17 of 28

Answers on the Map

Answers color-coded by a green-red scale on the quiz's map according to % correct below.
 

Answer Stats

Answer% Correct
Shanghai
上海
93%
Hangzhou
杭州
83%
Nanjing
南京
82%
Suzhou
苏州
80%
Ningbo
宁波
76%
Wuxi
无锡
76%
Hefei
合肥
74%
Nantong
南通
72%
Changzhou
常州
71%
Huzhou
湖州
67%
Kunshan
昆山
67%
Shaoxing
绍兴
65%
Jiaxing
嘉兴
64%
Yancheng
盐城
62%
Yangzhou
扬州
61%
Zhenjiang
镇江
60%
Huainan
淮南
59%
Wuhu
芜湖
59%
Yuyao
余姚
59%
Jiangyin
江阴
51%
Zhangjiagang
张家港
50%
Yixing
宜兴
49%
Taizhou
泰州
47%
Changshu
常熟
41%
Rugao
如皋
41%
Taixing
泰兴
40%
Cixi
慈溪
39%
Xinghua
兴化
39%

Score Distribution

Percentile by Number Answered

Percent of People with Each Score

Your Score History

You have not taken this quiz